Every Dragon from The Legend of Zelda: Tears of the Kingdom - Statistics

General Stats
  • This quiz has been taken 18 times
  • The average score is 4 of 5
Answer Stats
Answer % Correct
Light Dragon Zelda
91%
Lightning Dragon Farosh
82%
Fire Dragon Dinraal
73%
Demon Dragon Ganondorf
73%
Ice Dragon Naydra
73%
No matching quizzes found
Score Distribution
Percent of People with Each Score
Percentile by Number Answered
Your Score History
You have not taken this quiz